Computer system architecture (Record no. 104)

MARC details
000 -LEADER
fixed length control field 00505 a2200193 4500
001 - CONTROL NUMBER
control field 065721
003 - CONTROL NUMBER IDENTIFIER
control field OSt
005 - DATE AND TIME OF LATEST TRANSACTION
control field 20210903112232.0
008 - FIXED-LENGTH DATA ELEMENTS--GENERAL INFORMATION
fixed length control field
082 ## - DEWEY DECIMAL CLASSIFICATION NUMBER
Classification number 004
Item number M31C
100 1# - MAIN ENTRY--PERSONAL NAME
Personal name Mano, M. Morris
245 1# - TITLE STATEMENT
Title Computer system architecture
Statement of responsibility, etc by Morris M. Mano
250 ## - EDITION STATEMENT
Edition statement 3rd ed.
260 ## - PUBLICATION, DISTRIBUTION, ETC. (IMPRINT)
Place of publication, distribution, etc New Delhi
Name of publisher, distributor, etc Pearson
Date of publication, distribution, etc 2008
300 ## - PHYSICAL DESCRIPTION
Extent 520p.
653 ## - INDEX TERM--UNCONTROLLED
Uncontrolled term System architecture
690 ## - LOCAL SUBJECT ADDED ENTRY--TOPICAL TERM (OCLC, RLIN)
Topical term or geographic name as entry element Computer architecture; Electronic digital computers
942 ## - ADDED ENTRY ELEMENTS (KOHA)
Source of classification or shelving scheme Dewey Decimal Classification
Koha item type Books
Holdings
Withdrawn status Lost status Source of classification or shelving scheme Damaged status Not for loan Collection code Home library Current library Department Date acquired Source of acquisition Cost, normal purchase price Inventory number(Invoice/Date) Total Checkouts Full call number Barcode Date last seen Date checked out Price effective from Koha item type
    Dewey Decimal Classification     General Text Book Central University Of Rajasthan Central University Of Rajasthan Computer Science 07/03/2012 CSC 225.00 13164/4.9.2009 3 004 M31C 8 16/04/2025 25/03/2025 02/09/2020 Books
          General Text Book Central University Of Rajasthan Central University Of Rajasthan   07/03/2012 CSC 225.00     004 M31C 9 02/09/2020   02/09/2020 Books
    Dewey Decimal Classification     General Text Book Central University Of Rajasthan Central University Of Rajasthan   07/03/2012 CSC 225.00   3 004 M31C 7 21/11/2024 19/09/2022 02/09/2020 Books